03068nam a2200577 a 450000500170000000800410001702000180005804100080007610000280008424501050011225000110021726000540022830000160028250001990029865300310049765300620052865300340059065300620062465301180068665300770080465300740088165300270095565300360098265300280101865300270104665300250107365300430109865300530114165300560119465300770125065300380132765300340136565300340139965300920143365301060152565301330163165300360176465300310180065300360183165300420186765301060190965300450201565300430206065300870210365300870219065300680227765300500234565300390239570000300243470000260246420240503120811.0100317t2014||||sp a f |||| 001 0 spa d a9788498357752 aspa1 aPérez Pérez, Isabel aPediatría en Atención Primaria de Salud.bUn abordaje multidisciplinar /cIsabel Pérez Pérez a1a ed. aMadrid: bEditorial Médica Panamericana;c2014. a257 p.bil. aPérez Pérez, I., Lamoglia Puig, M. y Godall Castell, M. (2014). Pediatría en atención primaria de salud. Un abordaje multidisciplinar. (1a ed.). Madrid : Editorial Médica Panamericana. aSección I: Generalidades aPerpectiva antropológica de la atención a la infancia aEpidemiología y pediatría 3aLa investigación pediátrica en la atención primaria 3aLa gestión de la consulta pediátrica desde una perspectiva multifactorial. La historia clínica pediátrica aSección II: Controles, cribados y vacunación en la edad pediátrica aControl del crecimiento y desarrollo físico en la edad pediátrica aCribado genitourinario aCribado otorrinolaringológico aCribado oftalmológico aCribado odontológico aCribado del lenguaje aCribado de la alteración del sueño aCribado del maltrato y del abuso sexual infantil aVacunaciones sistemáticas en la edad pediátrica aSección III: Motivos de consulta mas frecuentes en atención primaria aFiebre y enfermedades infecciosas aTrastornos gastrointestinales aDolor, llanto e irritabilidad aAlteraciones dermatológicas: dermatitis, infecciones, pediculosis y otros parásitos aAccidentes: contusiones, heridas, quemaduras, intoxicaciones y picaduras de insectos y otros animales aSección IV: Control y seguimiento de las patologías crónicas más prevalentes en pediatría desde la atención primaria aObesidad: control y seguimiento aAsma: contro y seguimiento aDiabetes: control y seguimiento aIntolerancias y alergias alimentarias aSección V: La promoción de la salud del niño desde la alimentación y el desarrollo psicomotor 3aLa alimentación del neonato y lactante 3aLa alimentación en el etapa infantil 3aEl desarrollo psicomotor en los dos primeros años. Condiciones para el bienestar aSección VI: Nuevos retos en la atención al niño desde la atención primaria aAbordaje psicoeducativo del niño con cáncer y de su familia 3aLa educación en valores: apoyo a la familia 3aEl entorno psicosocial y el niño1 aLamoglia Puig, Montserrat1 aGodall Castell, Maria